=LDR 00000nam 2200000 4500 =001 NUTBA000000000002345 =005 20140612143716.0 =006 =007 =008 =020 ##$$a 978-979-29-2406-0 =035 ##$$a 0010-061400000000288 =040 ##$$a NBPDMAT =082 ##$$a 639.3 =090 ##$$a 639.3 $b Ghu k =100 ##$$a M.Ghufran H.Kordi K =245 ##$$a Kiat sukses budidaya rumput laut di laut dan tambak / $c M.Ghufran H.Kordi K ; editor, Benedicta Rini W =260 ##$$a Yogyakarta : $b Andi, $c 2011 =300 ##$$a xvi, 136 hlm. : $b ilus. ; $c 21 cm. =650 ##$$a Rumput Laut =700 ##$$a Benedicta Rini W =850 ##$$a NBPDMAT =990 ##$$a 21402862